| 000 | 00468ntaaa2200193 4500 | ||
|---|---|---|---|
| 003 | 01 | ||
| 005 | 20251027201346.0 | ||
| 008 | 0714s1973 ag 01 | ||
| 040 |
_aAR-BaBN _bspa _cAR-BaBN _eaacr _dRIC |
||
| 082 | _a225.0000 Al4 | ||
| 100 |
_aAlington, C. A. _911971 |
||
| 245 | _aNew Testament | ||
| 250 |
_a1 ed. : _bG. Bell and Sons, _cc1938 |
||
| 300 | _a419 p. | ||
| 500 | _a"a reader's guide" | ||
| 650 | _aBiblia-Nuevo Testamento | ||
| 650 | _aN.T. | ||
| 942 | _cBK | ||
| 999 |
_c8097 _d8097 |
||